| 000 | 00586nam a2200217 a 4500 | ||
|---|---|---|---|
| 005 | 20210219153052.0 | ||
| 008 | 991125n 000 0 eng u | ||
| 035 | _aUPN01000075753 | ||
| 100 | _aROBERTS, William | ||
| 222 | _aCHILD DEVELOPMENT | ||
| 245 | _aEmpathy, emotional expressiveness and prosocial behavior | ||
| 300 | _a449-470 | ||
| 362 | _a1996 Vol.67, no.2, apr. | ||
| 653 | 0 | _aCONDUCTA | |
| 653 | 0 | _aEMPATIA | |
| 653 | 0 | _aRESPUESTA EMOCIONAL | |
| 653 | 0 | _aSOLUCION DE PROBLEMAS | |
| 700 | _aSTRAYER, Janet, coaut. | ||
| 904 |
_aAC _b013564 |
||
| 905 | _aArticulo | ||
| 999 |
_c67656 _d67656 |
||